000 00702nam a2200217 i 4500
001 82071
003 ES-MaACL
005 20250918063029.0
007 t|
008 041122s1967 sp ||||1| spa d
017 _aB 34044-1967
100 1 _aColette,
_d1873-1954
_9161423
245 1 0 _aClaudine en la escuela . Claudine se va . La casa de Claudine /
_cColette ; [traducción de E. Piñas].
260 _aBarcelona :
_bEdiciones G.P.,
_c1967.
300 _a447 p. ;
_c18 cm.
490 1 _alos clásicos del siglo XX ;
_v13
700 1 _aPiñas, E.
_992254
830 0 _alos clásicos del siglo XX ;
_v13
_9183579
852 _aES-MaACL
_jE-10456
_bR.134576
999 _c82071
_d82071